'Twisted' Lyrics #6 Quiz Stats

 Plays Quiz not verified by Sporcle

Challenge
Share
Tweet
Embed
Score 0/233 Timer 15:00
0 Plays Today
Hint word % Correct
I
93.4%
I
93.4%
I
93.4%
I
93.4%
I
93.4%
I
93.4%
I
93.4%
I
93.4%
a
84.3%
a
84.3%
a
84.3%
a
84.3%
a
84.3%
the
75.8%
the
75.8%
the
75.8%
the
75.8%
the
75.8%
the
75.8%
the
75.8%
the
75.8%
the
75.8%
the
75.8%
the
75.8%
the
75.8%
The
75.8%
The
75.8%
you
73.7%
You
73.7%
You
73.7%
You
73.7%
you
73.7%
you,
73.7%
you
73.7%
you
73.7%
you
73.7%
you
73.7%
you
73.7%
you
73.7%
You
73.7%
you
73.7%
and
72.2%
and
72.2%
and
72.2%
And
72.2%
and
72.2%
And
72.2%
in
70.7%
in
70.7%
in
70.7%
in
70.7%
in
70.7%
in
70.7%
me?
69.7%
me...
69.7%
me
69.7%
me,
69.7%
me
69.7%
me.
69.7%
me.
69.7%
me.
69.7%
be
69.2%
be
69.2%
to
65.2%
to
65.2%
to
65.2%
to
65.2%
to
65.2%
to
65.2%
do
63.6%
do
63.6%
Do
63.6%
No
63.1%
power
62.6%
power
62.6%
power
62.6%
power
62.6%
power
62.6%
Hint word % Correct
power
62.6%
power...
62.6%
power
62.6%
power
62.6%
What
62.1%
know
62.1%
what
62.1%
it
62.1%
it
62.1%
what
62.1%
of
61.6%
of
61.6%
of
61.6%
one
61.6%
one
61.6%
of
61.6%
So
61.1%
so
61.1%
so,
61.1%
If
61.1%
is
61.1%
If
61.1%
is
61.1%
I'm
60.1%
I'm
60.1%
When
59.6%
am
59.1%
love
59.1%
your
59.1%
You're
59.1%
love
59.1%
You're
59.1%
where
58.1%
why
58.1%
where
58.1%
my
57.1%
who
57.1%
my
57.1%
will
56.6%
will
56.6%
not
56.6%
not
56.6%
will
56.6%
will
56.6%
I've
56.1%
how
56.1%
all
56.1%
all
56.1%
see?
56.1%
all.
56.1%
or
56.1%
see.
56.1%
there:
55.6%
have
55.1%
have
55.1%
have
55.1%
have
55.1%
are
55.1%
are
55.1%
For
54.5%
it's
54.5%
it's
54.5%
for,
54.5%
I'll
54.5%
her
54%
her
54%
That's
54%
that's
54%
that's
54%
without
53.5%
as
53.5%
guide
53%
guide.
53%
inside
51.5%
inside
51.5%
don't
51.5%
been
51.5%
inside.
51.5%
Hint word % Correct
Don't
51.5%
eyes.
51%
need
51%
eye,
51%
just
50%
knew
50%
heart.
50%
put
50%
heart.
50%
turn?
49.5%
but
49.5%
along:
49%
by
49%
another
49%
enough.
49%
diamond
49%
rough.
49%
many
48.5%
remind
48.5%
long
48.5%
greatest
48.5%
someone
48%
meets
48%
lost,
47.5%
much
47.5%
ago.
47.5%
learn.
47%
You've
47%
us,
47%
never
46.5%
thin,
46.5%
never
46.5%
fooled
46%
lead.
45.5%
kind,
45.5%
beyond
44.9%
source
44.9%
appearances,
44.9%
fears
44.4%
child.
44.4%
like
44.4%
done
44.4%
life
44.4%
we'll
43.9%
world
43.9%
doubts
43.4%
though
43.4%
matter
43.4%
best
42.9%
hidden
42.9%
value
42.9%
supply.
42.4%
greatness,
42.4%
may
41.9%
leads
41.9%
morale
41.4%
into
40.9%
seem
40.9%
small,
40.9%
apart.
40.9%
Through
40.9%
thick
40.9%
success
40.4%
ruin,
40.4%
deep
39.9%
grow
39.9%
capable
39.9%
tiny
39.4%
seed
39.4%
flower,
39.4%
innateness.
39.4%
forever
39.4%
waiting
38.9%
carry
38.9%
treasure
38.9%
somewhere
38.4%
heed
38.4%

You're not logged in!

Compare scores with friends on all Sporcle quizzes.
Join for Free
OR
Log In

You Might Also Like...

Show Comments

Extras

Top Quizzes Today


Score Distribution

Your Account Isn't Verified!

In order to create a playlist on Sporcle, you need to verify the email address you used during registration. Go to your Sporcle Settings to finish the process.

Report this User

Report this user for behavior that violates our Community Guidelines.

Details: